000 00577nam a22002297a 4500
001 86592
003 UA-OsUOA
005 20220527205055.0
007 ta
008 20120906b un ||||| |||| 00| 0 ukr d
040 _aUA-OsUOA
_brus
_cUA-OsUOA
_dUA-OsUOA
041 _arus
080 _a94(470+571)"19"
090 _a94(470+571)"19"
_bС79
100 _aСтепанов Н.
245 _aПодвойский
260 _aМ.
_bМолодая гвардия
_c1989
300 _a382 с.
650 7 _a94 Історія Росії
_2UDC
942 _cBK
_2udc
955 _a4
999 _c372760
_d372760